[Event "AUTO-MASTER-3239"]
[Site "http://www.queenalice.com/game.php?id=1859053"]
[Date "2025.6.22"]
[Round "2"]
[White "andrevillares"]
[Black "manasses"]
[Result "0-1"]
[WhiteElo "2192"]
[BlackElo "2183"]

1. d4 Nf6 2. c4 e6 3. Nf3 d5 4. Nc3 Be7 5. Bg5 O-O 6. e3 Nbd7 7. Rc1 b6 8. Bd3
Bb7 9. O-O c5 10. cxd5 Nxd5 11. Bxe7 Qxe7 12. Bb1 Rac8 13. Qd3 N7f6 14. Rfe1
Nxc3 15. bxc3 Be4 16. Qe2 Bxb1 17. Rxb1 Nd5 18. Qd3 cxd4 19. cxd4 Rc3 20. Qd2
Rfc8 21. Rec1 Qa3 22. Rxc3 Qxc3 23. Kf1 Qxd2 24. Nxd2 Rc2 25. Ke1 Nc3 26. Ra1 g5
27. a4 a6 28. Nb3 Rb2 29. Nd2 Rc2 30. a5 b5 31. Nb3 Na4 32. Rd1 Rc3 33. Nd2 h5
34. Ne4 Rc2 35. Rd2 Rc4 36. Nxg5 b4 37. d5 exd5 38. Rxd5 b3 39. Rd8+ Kg7 40. Rd1
b2 41. Nf3 Nc3 42. Nd2 Nxd1 43. Kxd1 Rc1+ 44. Ke2 b1=Q 45. Nxb1 Rxb1 0-1

[Event "AUTO-MASTER-3270"]
[Site "http://www.queenalice.com/game.php?id=1859427"]
[Date "2025.7.5"]
[Round "1"]
[White "manasses"]
[Black "andrevillares"]
[Result "0-1"]
[WhiteElo "2196"]
[BlackElo "2179"]

1. d4 Nf6 2. c4 e6 3. Nc3 d5 4. Bg5 Be7 5. e3 O-O 6. Nf3 b6 7. Be2 Bb7 8. O-O
dxc4 9. Bxc4 Nbd7 10. Rc1 c5 11. dxc5 Nxc5 12. Qxd8 Rfxd8 13. Rfd1 h6 14. Bf4
Rac8 15. Nd4 Nh5 16. Nde2 Nxf4 17. Nxf4 Bf6 18. Nfe2 Ne4 19. Rxd8+ Bxd8 20. Nxe4
Bxe4 21. f3 Bb7 22. a4 Bf6 23. b3 Kf8 24. Rd1 Rc7 25. Nd4 Rd7 26. Kf2 e5 27.
Ne6+ Ke7 28. Rxd7+ Kxd7 29. Nf8+ Ke8 30. Nh7 Be7 31. g3 Bc8 32. f4 exf4 33. exf4
Bf5 34. Bb5+ Kd8 35. Kf3 Bxh7 36. Bc4 f6 37. g4 Bc2 38. Be6 Kc7 39. h4 Kd6 40.
f5 Ke5 0-1

[Event "AUTO-MASTER-3270"]
[Site "http://www.queenalice.com/game.php?id=1859453"]
[Date "2025.7.5"]
[Round "1"]
[White "manasses"]
[Black "BeatifulDevil56"]
[Result "1-0"]
[WhiteElo "2198"]
[BlackElo "2137"]

1. d4 d5 2. c4 e6 3. Nc3 c6 4. Nf3 Bb4 5. e3 Bxc3+ 6. bxc3 Nf6 7. Bd3 h6 8. O-O
O-O 9. Rb1 dxc4 10. Bxc4 Nbd7 11. a4 Qa5 12. Ba3 Re8 13. Bb4 Qc7 14. Qc2 c5 15.
Ba3 b6 16. Rfc1 Bb7 17. Qe2 Bd5 18. Nd2 Bxc4 19. Nxc4 cxd4 20. cxd4 Qb8 21. a5
Rc8 22. a6 Ne8 23. Na5 Rxc1+ 24. Bxc1 Qd6 25. Nc4 Qd5 26. Ba3 Nc7 27. e4 Qc6 28.
d5 exd5 29. exd5 Nxd5 30. Qg4 N7f6 31. Qd4 Re8 32. Nd6 Qc2 33. Qd1 Re2 34. Qxc2
Rxc2 35. Nb5 Ra2 36. g3 Ng4 37. Rd1 Ngf6 38. Rd3 Nc7 39. Nxc7 Ng4 40. Nb5 Nxf2
41. Rc3 1-0

[Event "AUTO-MASTER-3271"]
[Site "http://www.queenalice.com/game.php?id=1859751"]
[Date "2025.7.10"]
[Round "1"]
[White "IranSilva"]
[Black "manasses"]
[Result "1-0"]
[WhiteElo "2194"]
[BlackElo "2211"]

1. Nf3 d5 2. e3 c5 3. c4 Nf6 4. d4 Nc6 5. cxd5 Nxd5 6. Nc3 Bg4 7. Be2 e6 8. Bd2
Be7 9. dxc5 Bxc5 10. O-O O-O 11. Nxd5 Qxd5 12. Bc3 Rad8 13. Qa4 Bh5 14. Rad1 Qf5
15. Rxd8 Rxd8 16. Rd1 Rxd1+ 17. Qxd1 Bb6 18. g3 e5 19. a3 e4 20. Nh4 Bxe2 21.
Qxe2 Qd7 22. Ng2 Bc7 23. Qc2 Qd3 24. Qxd3 exd3 25. Kf1 Ne5 26. Ne1 b5 27. f4 Nc4
28. Nxd3 Nxe3+ 29. Ke2 Nd5 30. Be5 Bb6 31. Bd6 f5 32. Bc5 Bxc5 33. Nxc5 h6 34.
Kd3 a5 35. Kd4 Nb6 36. Nb7 Nd7 37. Nxa5 Kf7 38. Nb7 g5 39. Nd6+ Ke6 40. Nxb5 Nb6
41. Nc7+ Kd6 42. Nb5+ Ke6 43. fxg5 hxg5 44. b3 Nd5 45. a4 1-0

[Event "AUTO-MASTER-3271"]
[Site "http://www.queenalice.com/game.php?id=1859752"]
[Date "2025.7.10"]
[Round "1"]
[White "manasses"]
[Black "IranSilva"]
[Result "0-1"]
[WhiteElo "2195"]
[BlackElo "2271"]

1. d4 d5 2. c4 c6 3. Nf3 Nf6 4. Nc3 e6 5. Bg5 Nbd7 6. e3 Be7 7. Be2 O-O 8. O-O
dxc4 9. Bxc4 Nb6 10. Bb3 h6 11. Bh4 Nfd5 12. Bxe7 Qxe7 13. Ne4 Nd7 14. Rc1 N7f6
15. Nxf6+ Nxf6 16. Qd3 Qd6 17. Rfd1 b6 18. Ne5 Bb7 19. Bc2 h5 20. g4 hxg4 21.
Nxg4 Rfe8 22. Nxf6+ gxf6 23. Qh7+ Kf8 24. Bg6 fxg6 25. Qxb7 Rec8 26. b4 Qe7 27.
Qxe7+ Kxe7 28. Kg2 Kd6 29. e4 Rc7 30. f4 Rh8 31. Kg3 Rh5 32. h4 Rb5 33. a3 a5
34. e5+ Ke7 35. bxa5 Rxa5 36. Rc3 f5 37. h5 gxh5 38. Kh4 Rd5 39. Kxh5 c5 40.
Rcc1 Rcd7 41. Rg1 Rxd4 42. Rg8 Rd1 43. Rxd1 Rxd1 44. Rg7+ Kd8 45. Rb7 Rb1 46. a4
Rb4 47. Kg5 c4 48. Kf6 c3 49. Kxe6 c2 50. Kd6 Rd4+ 51. Ke6 c1=Q 52. Rxb6 Qxf4
53. a5 Ra4 0-1

[Event "AUTO-ELITE-2607"]
[Site "http://www.queenalice.com/game.php?id=1867916"]
[Date "2026.1.12"]
[Round "1"]
[White "trompmaster"]
[Black "manasses"]
[Result "1-0"]
[WhiteElo "2492"]
[BlackElo "2176"]

1. e4 c5 2. d3 Nc6 3. Nf3 d6 4. Be2 Nf6 5. O-O g6 6. c3 Bg7 7. d4 cxd4 8. cxd4
O-O 9. d5 Ne5 10. Nxe5 dxe5 11. Nc3 a6 12. a4 Qd6 13. b3 Bd7 14. Ba3 Qc7 15. Rc1
Rfe8 16. Bxe7 Rac8 17. d6 Qb8 18. Qd2 Rc6 19. Bc4 Rec8 20. Rfd1 b5 21. axb5 axb5
22. Nxb5 Qb7 23. Nc7 Ne8 24. Bxf7+ Kh8 25. Rxc6 Qxc6 26. Bxe8 Rxe8 27. Nxe8 Qxe4
28. Bf6 Bxf6 29. Nxf6 Qf5 30. Nxd7 Qxd7 31. Qd5 1-0

[Event "AUTO-ELITE-2607"]
[Site "http://www.queenalice.com/game.php?id=1867917"]
[Date "2026.1.12"]
[Round "1"]
[White "manasses"]
[Black "trompmaster"]
[Result "0-1"]
[WhiteElo "2185"]
[BlackElo "2489"]

1. d4 Nf6 2. c4 e6 3. Nc3 Bb4 4. Nf3 c5 5. e3 O-O 6. Bd3 d5 7. O-O Nc6 8. a3
Bxc3 9. bxc3 b6 10. Qc2 Ba6 11. cxd5 Bxd3 12. Qxd3 Qxd5 13. Re1 Rad8 14. e4 Qb3
15. Rb1 Qa4 16. Bg5 cxd4 17. Bxf6 gxf6 18. cxd4 Nxd4 19. Nxd4 Qxd4 20. Qg3+ Kh8
0-1

[Event "AUTO-MASTER-3293"]
[Site "http://www.queenalice.com/game.php?id=1867989"]
[Date "2026.1.15"]
[Round "1"]
[White "manasses"]
[Black "jogo"]
[Result "1-0"]
[WhiteElo "2174"]
[BlackElo "1614"]

1. d4 Nf6 2. c4 h6 3. Nc3 e6 4. Nf3 Bb4 5. Qc2 O-O 6. Bd2 c5 7. e3 cxd4 8. Nxd4
Nc6 9. Bd3 Nxd4 10. exd4 Qb6 11. c5 Qc6 12. O-O a6 13. a3 Bxc3 14. bxc3 Re8 15.
Rfe1 b6 16. Be4 Nxe4 17. Qxe4 Qxe4 18. Rxe4 Bb7 19. Re5 f6 20. Rh5 bxc5 21. Rxc5
Rec8 22. Rxc8+ Rxc8 23. Rb1 Bd5 24. f3 1-0

[Event "AUTO-MASTER-3293"]
[Site "http://www.queenalice.com/game.php?id=1867990"]
[Date "2026.1.15"]
[Round "1"]
[White "jogo"]
[Black "manasses"]
[Result "0-1"]
[WhiteElo "1616"]
[BlackElo "2173"]

1. e4 c5 2. Nf3 Nc6 3. c3 d5 4. exd5 Qxd5 5. Na3 Nf6 6. Nb5 Qd8 7. d4 cxd4 8.
cxd4 Bg4 9. Be3 e6 10. Be2 Bb4+ 11. Nc3 O-O 12. a3 Bxc3+ 13. bxc3 Qa5 14. Qb3
Ne4 15. Rc1 Rab8 16. h3 Bh5 17. g4 Bg6 18. Nh4 Rfd8 19. Nxg6 hxg6 20. O-O e5 21.
Bc4 Nd6 22. d5 Ne7 23. Bd3 Nxd5 0-1

[Event "AUTO-MASTER-3293"]
[Site "http://www.queenalice.com/game.php?id=1867994"]
[Date "2026.1.15"]
[Round "1"]
[White "Pipo712"]
[Black "manasses"]
[Result "0-1"]
[WhiteElo "2128"]
[BlackElo "2175"]

1. e4 c5 2. Nf3 Nc6 3. d4 cxd4 4. Nxd4 e5 5. Nb5 a6 6. Nd6+ Bxd6 7. Qxd6 Qf6 8.
Qd2 Nge7 9. Nc3 O-O 10. b3 d6 11. Bb2 Rd8 12. Nd5 Nxd5 13. exd5 Nd4 14. O-O-O
Nb5 15. a4 Nd4 16. Bxd4 exd4 17. Qxd4 Qh6+ 18. Kb1 Bd7 19. h3 Rac8 20. g4 b5 21.
a5 Rc5 22. b4 Rc7 23. Qb6 Rdc8 24. Qd4 Rxc2 25. Bd3 R2c3 26. Kb2 f6 27. Qxc3
Rxc3 28. Kxc3 Qf4 29. Rde1 Kf7 30. Re2 f5 31. gxf5 Bxf5 32. Bxf5 Qxf5 33. Rd2
Qf3+ 0-1

[Event "AUTO-MASTER-3269"]
[Site "http://www.queenalice.com/game.php?id=1870417"]
[Date "2026.3.12"]
[Round "2"]
[White "manasses"]
[Black "arvo1938"]
[Result "0-1"]
[WhiteElo "2188"]
[BlackElo "2233"]

1. d4 Nf6 2. c4 e6 3. Nc3 d5 4. Nf3 Bb4 5. e3 c5 6. Bd2 cxd4 7. Nxd4 Nc6 8. Nc2
Bxc3 9. Bxc3 O-O 10. Be2 dxc4 11. Bxc4 Ne4 12. Bb4 Nxb4 13. Nxb4 Qe7 14. a3 Nxf2
15. Kxf2 Qf6+ 16. Qf3 Qh4+ 17. Qg3 Qxc4 18. h4 a5 19. Rac1 Qb3 20. h5 axb4 21.
h6 Qxb2+ 22. Kf3 bxa3 23. Rc4 b5 24. Rd4 Bb7+ 25. Kf4 e5+ 26. Kxe5 Rae8+ 27. Kf4
Re4+ 28. Kf5 g6+ 0-1

[Event "AUTO-MASTER-3269"]
[Site "http://www.queenalice.com/game.php?id=1870420"]
[Date "2026.3.12"]
[Round "2"]
[White "IranSilva"]
[Black "manasses"]
[Result "0-1"]
[WhiteElo "1804"]
[BlackElo "2186"]

1. d4 Nf6 2. c4 e6 3. Nc3 Be7 4. e4 d6 5. f4 O-O 6. Nf3 b6 7. Bd3 Bb7 8. O-O
Nbd7 9. e5 Ne8 10. f5 exf5 0-1

[Event "AUTO-MASTER-3269"]
[Site "http://www.queenalice.com/game.php?id=1870421"]
[Date "2026.3.12"]
[Round "2"]
[White "manasses"]
[Black "IranSilva"]
[Result "1-0"]
[WhiteElo "2187"]
[BlackElo "1802"]

1. d4 d5 2. c4 c6 3. Nf3 Nf6 4. Nc3 e6 5. Bg5 Nbd7 6. e3 Be7 7. Bd3 dxc4 8. Bxc4
Nb6 9. Bb3 O-O 10. O-O h6 11. Bh4 1-0